| 000 | 00539nam a22001937a 4500 | ||
|---|---|---|---|
| 003 | LK-CoMWRAF | ||
| 005 | 20231102133029.0 | ||
| 008 | 230928b |||||||| |||| 00| 0 eng d | ||
| 040 |
_aLK-CoMWRAF _dLK-CoMWRAF _eLK-CoMWRAF |
||
| 041 | _aeng | ||
| 082 |
_a346.086 _bMUS |
||
| 100 | _aMuslehuddin, Mohammad | ||
| 245 | _aInsurance and Islamic law | ||
| 260 |
_aLahore: _bIslamic publications, _c1969 |
||
| 300 |
_axii, 202 p. 18 cm. _bBibliography included |
||
| 650 | _aINSURANCE LAW(ISLAMIC LAW) | ||
| 650 | _aIslamic law | ||
| 942 | _cBK | ||
| 999 |
_c3709 _d3709 |
||